00345 a2200109 4500001001000000005001700010008004100027245005100068100002300119773007600142999001700218ART_1002720260410161839.0260409a 10aLa inflación y las inversiones en la empresa1 aWajchman, Mauricio0 tContabilidad y administracióng- Año 7, Nº 80 (feb. 1984)wREV5485 c23965d23965